[Event "Plzen Calliditas op"]
[Site "Plzen"]
[Date "2023.08.21"]
[Round "3"]
[White "Zoufaly, Petr"]
[Black "Souralova, Venuse"]
[Result "1-0"]
[WhiteElo "1603"]
[BlackElo "1405"]
[PlyCount "45"]
[EventDate "2023.08.19"]
[EventType "swiss"]
[EventRounds "9"]
[EventCountry "CZE"]
[SourceTitle "CBM 216 Extra"]
[Source "ChessBase"]
[SourceDate "2023.11.30"]
[SourceVersion "1"]
[SourceVersionDate "2023.11.30"]
[SourceQuality "1"]

1. d4 d5 2. Nf3 Nf6 3. e3 e6 4. Bd3 c5 5. c3 cxd4 6. exd4 Be7 7. Bg5 Ne4 8. Bxe7 Qxe7 9. Nbd2 Nxd2 10. Qxd2 Nc6 11. 0-0 0-0 12. Rfe1 Bd7 13. Re3 Rac8 14. Rae1 a6 15. Qd1 b5 16. Ne5 Nxe5 17. dxe5 a5 18. Bxh7+ Kxh7 19. Qh5+ Kg8 20. Rh3 f6 21. Ree3 Be8 22. Qh7+ Kf7 23. exf6 1-0